000
00263nam a2200109Ia 4500
005
20251222141933.0
008
251222s9999||||xx |||||||||||||| ||spa||
082
_a
270.1/A78
245
0
_a
De la Tierra a las Gentes:
264
_b
Arzobispado de Madrid
942
_c
LIB
999
_c
9105
_d
9105